Statistics for Billboard Hot 100 Top 10 Songs of February 28 2015

Click here to take the quiz!

General Stats

  • This quiz has been taken 508 times
  • The average score is 7 of 10

Answer Stats

# On ChartsArtistSong% Correct
1Mark Ronson ft Bruno MarsUptown Funk
96%
3HozierTake Me To Church
89%
5Maroon 5Sugar
75%
7Taylor SwiftBlank Space
71%
2Ed SheeranThinking Out Loud
69%
6Ellie GouldingLove Me Like You Do
68%
4Rihanna & Kanye West & Paul McCartneyFourFive Seconds
64%
9Meghan TrainorLips Are Movin
51%
10Taylor SwiftStyle
48%
8Sam SmithI'm Not The Only One
34%

Score Distribution

Percentile by Number Answered

Percent of People with Each Score

Your Score History

You have not taken this quiz